| 000 | 00350nam a2200145Ia 4500 | ||
|---|---|---|---|
| 008 | 191201s1987 xx 000 0 und d | ||
| 082 |
_a677.4 _bPAC |
||
| 100 | _aPALMER, Pati | ||
| 245 | 0 | _aCreative Serging Illustrated | |
| 250 | _a1st | ||
| 260 |
_aN.Delhi _bChilton Book Company _c1987 |
||
| 300 | _a160 | ||
| 650 | _aB.Tech(TE) | ||
| 942 |
_2ddc _cBK |
||
| 999 |
_c2555 _d2555 |
||